000 01691nam a2200385Ia 4500
001 dia_5798
003 CHAP
005 20240125125319.0
007 ta
008 220117s1990 mx ade fr 001 0 spa d
040 _cCHAP
_amxchpua
090 _aT.C.95
_bC68 ETIPA
_c1990
245 1 0 _aProyecto técnico ingenieril para una planta pasteurizadora y elaboradora de queso en la ciudad de San Luis Potosí, S. L. P. /
_ccoordinador Ignacio Covarrubias Gutiérrez ; colaboradores Dora Angélica Avalos de la Cruz...[et al.]
260 _aMéxico :
_bEl autor,
_c1990
300 _a49 hojas :
_bilustraciones, gráficas, diagramas, tablas, planos
336 _2rdacontent
_atexto
_btxt
337 _2rdamedia
_asin medio
_bn
338 _2rdacarrier
_avolumen
_bnc
500 _a7° año Grupo 1
502 _aViaje de estudios
_b(ETIPA) --
_cUACh. Departamento de Ingeniería Agroindustrial,
_d1990
504 _aBibliografía: hoja 49
505 0 _a3 planos -- 1. Distribución en planta (Esc. 1:50) -- 2. Diagrama de flujo (Equipo, válvulas y tubería) -- 3. Distribución de tubería
650 1 3 _aIndustria lechera
_9159679
_zMéxico
_zSan Luis Potosí
650 1 3 _aIndustria quesera
_9159680
_zMéxico
_zSan Luis Potosí
650 1 3 _aCheese industry
_9159677
_zMexico
_zSan Luis Potosí
650 1 3 _aDairy industry
_9159678
_zMexico
_zSan Luis Potosí
700 1 _aAvalos de la Cruz, Dora Angélica
_98448
_ecolaboradora
700 1 _aCovarrubias Gutiérrez, Ignacio
_928697
_ecoordinador
901 _aT.C.95 C68 ETIPA 1990
902 _aA
905 _a5332271990 mx amn 8223223322spa16
942 _2ddc
942 _cVE
999 _c176883
_d176883